| 000 | 00346nam a22001577a 4500 | ||
|---|---|---|---|
| 003 | SGT | ||
| 020 | _a9788122312294 | ||
| 082 | _a822,YAD | ||
| 100 | _aYADAV,HIMANSHU | ||
| 245 | _aHOLD ON HARI: THE MIGHT OF A HUMAN | ||
| 250 | _a1ST | ||
| 260 |
_aNEW DELHI _bPUSTAK MAHAL _c2011 |
||
| 300 | _a191 | ||
| 650 | _aENGLISH DRAMA | ||
| 942 |
_2ddc _cFCM |
||
| 999 |
_c9526 _d9526 |
||